Statistiques concernant 1 joueur par sélection - Euro 2024

Cliquez ici pour prendre le quiz!

Statistiques générales

  • Ce quiz a été pris 170 fois
  • Le résultat moyen est 20 sur 24

Statistiques - réponses

HintRéponse% Correct
Robert LewandowskiPologne
97%
Bernardo SilvaPortugal
94%
Eduardo CamavingaFrance
93%
Federico ChiesaItalie
93%
Xavi SimonsPays-Bas
91%
Jérémy DokuBelgique
90%
Andreas ChristensenDanemark
90%
Cole PalmerAngleterre
89%
Hakan ÇalhanoğluTurquie
89%
Mykhaïlo MudrykUkraine
88%
Florian WirtzAllemagne
86%
Mateo KovačićCroatie
85%
Andrew RobertsonÉcosse
85%
Dani OlmoEspagne
82%
Manuel AkanjiSuisse
82%
Marcel SabitzerAutriche
77%
Dusan VlahovicSerbie
76%
Ianis HagiRoumanie
75%
Giorgi MamardashviliGéorgie
74%
Dominik SzoboszlaiHongrie
74%
Milan ŠkriniarSlovaquie
73%
Jan OblakSlovénie
71%
Armando BrojaAlbanie
60%
Vladimír CoufalRépublique tchèque
60%

Distribution des résultats

Percentile par nombre de réponses

% des personnes avec chaque résultat

Votre développement - résultats

Vous n’avez pas pris ce quiz